|
|
|
|
| LEADER |
00602nam a22001697a 4500 |
| 003 |
OSt |
| 005 |
20200624134537.0 |
| 008 |
151201b xxu||||| |||| 00| 0 eng d |
| 082 |
|
|
|a 370.15 SIV/P
|
| 100 |
|
|
|a Sivarajan, K.
|
| 245 |
|
|
|a Padana bodhana manasasthram/
|c K. Sivarajan
|
| 260 |
|
|
|a Calicut University:
|b Calicut University Central Co_operative Stores,
|c 1998
|
| 300 |
|
|
|a 292p.
|
| 650 |
|
|
|a Education Psychology
|
| 942 |
|
|
|2 ddc
|c BK
|
| 999 |
|
|
|c 324111
|d 324111
|
| 952 |
|
|
|0 0
|1 0
|2 ddc
|4 0
|6 370_150000000000000_SIV_P
|7 0
|9 370601
|a CSC
|b CSC
|c ST1
|d 2015-12-01
|i 9818
|l 0
|o 370.15 SIV/P
|p CSC9818
|r 2015-12-01
|w 2015-12-01
|y BK
|